000 00416nam a2200145Ia 4500
008 090124s9999 xx 000 0 und d
082 _b401965
245 _a राजकन्या अलका
250 _a1
260 _bभडभडे शुभांगी
_c1985
300 _a66
630 _a राजकन्या अलका
730 _a राजकन्या अलका
942 _cBOOK
999 _c198425
_d198425